Bishop Heber in Northern India (Record no. 528291)

MARC details
000 -LEADER
fixed length control field 00891nam a2200265Ia 4500
003 - CONTROL NUMBER IDENTIFIER
control field OSt
005 - DATE AND TIME OF LATEST TRANSACTION
control field 20220925194122.0
008 - FIXED-LENGTH DATA ELEMENTS--GENERAL INFORMATION
fixed length control field 220923b |||||||| |||| 00| 0 eng d
020 ## - INTERNATIONAL STANDARD BOOK NUMBER
International Standard Book Number 0521078733
037 ## - SOURCE OF ACQUISITION
Terms of availability General Book
040 ## - CATALOGING SOURCE
Original cataloging agency RTL
Transcribing agency RTL
Language of cataloging eng
041 ## - LANGUAGE CODE
Source of code eng
Language code of text/sound track or separate title eng
100 ## - MAIN ENTRY--PERSONAL NAME
Personal name Laird M A Ed.
9 (RLIN) 74767
245 #0 - TITLE STATEMENT
Title Bishop Heber in Northern India
Remainder of title Selections from Heber's Journal
260 ## - PUBLICATION, DISTRIBUTION, ETC.
Place of publication, distribution, etc. Cambridge
Name of publisher, distributor, etc. Cambridge University Press UK
Date of publication, distribution, etc. 1971
300 ## - PHYSICAL DESCRIPTION
Extent xi324p. Page:vi
Dimensions cm.
490 ## - SERIES STATEMENT
Series statement European Understanding Of India.Genreal Editors of the series :K.A.Ballhatchet,PJ..Marshall,D.F.Pocock
500 ## - GENERAL NOTE
General note Bibliography p. 320; Glossary p. 318-19; Index:P321-24
650 ## - SUBJECT ADDED ENTRY--TOPICAL TERM
Topical term or geographic name entry element Travels
9 (RLIN) 238248
942 ## - ADDED ENTRY ELEMENTS (KOHA)
Classification part U8.25.M, L1
Koha item type General Books
Source of classification or shelving scheme Colon Classification (CC)

No items available.

Copyright @ Delhi University Library System